| 000 | 00620nam a22001817a 4500 | ||
|---|---|---|---|
| 999 |
_c20498 _d20498 |
||
| 003 | AR-CdUCM | ||
| 008 | 190530b ||||| |||| 00| 0 spa d | ||
| 040 |
_aMUNICIPALIDAD PROVINCIAL DEL CUSCO _cBIBLIOTECA MUNICIPAL DEL CUSCO |
||
| 082 |
_22ed. _a869.33 / _bE23 |
||
| 100 |
_aBello, Joaquin Edwards _940803 |
||
| 245 | _aLa chica del crillón / | ||
| 260 |
_aSantiago de Chile : _bErcilla, _c1935. |
||
| 300 |
_a278 páginas ; _c21 cm. |
||
| 505 | _aContenido : Origen de este diario -- La señora Rubilar -- La casa -- Colecta para los tuberculosos... | ||
| 650 |
_aNovela _95 |
||
| 942 |
_2ddc _cLIBROS |
||
| 945 | _aandy | ||